000
00188 a2200097 4500
001
3185
100
_a
Moorehead, A
245
_a
Montgomery
260
_a
_b
Hamish
_c
090
_c
2465
_d
2465
942
_a
NUST-CAE
_c
M
_c
16280
999
_c
238258
_d
238258